000 00447nam a2200193 a 4500
001 1758085044381
003 ACL
005 20250917102859.0
008 250917s2007##################000#0#eng##
020 _a9780719073113
082 0 4 _a791.456
_bNEL
100 1 _aNelson, Robin,
_eauthor.
245 1 0 _aState of Play :
260 _c2007.
300 _a236 pages
650 0 _aPerforming Arts.
942 _cENGLISH
040 _aACL
_beng
_cACL
999 _c587594
_d587594